header

Governing the tongue (Record no. 18667)

MARC details
000 -LEADER
fixed length control field 01720nam a2200397Ia 4500
100 1# - MAIN ENTRY--AUTHOR NAME
Personal name Kamensky, Jane.
245 10 - TITLE STATEMENT
Title Governing the tongue
260 ## - PUBLICATION, DISTRIBUTION, ETC. (IMPRINT)
Place of publication New York :
Name of publisher Oxford University Press,
Year of publication 1997.
300 ## - PHYSICAL DESCRIPTION
Number of Pages ix, 291 p. :
Other physical details ill.
650 #0 - SUBJECT ADDED ENTRY--TOPICAL TERM
Topical Term English language
Topical Term English language
Topical Term English language
Topical Term English language
Topical Term Language and culture
Topical Term Oral communication
Topical Term English language
Topical Term Americanisms
Topical Term Puritans
856 40 - ELECTRONIC LOCATION AND ACCESS
Uniform Resource Identifier http://site.ebrary.com/lib/rucke/Doc?id=10279192

No items available.

© 2026 Rongo University
Contact us: librarian | system librarian | Rongo university